Statistics for Answers Contain the Number Ten

Click here to take the quiz!

General Stats

  • This quiz has been taken 23,737 times
    (19,832 since last reset)
  • The average score is 13 of 20

Answer Stats

ClueAnswer% Correct
Though shalt not kill, etc...Ten Commandments
96%
What a decagon hasTen Sides
91%
Value of a dimeTen Cents
88%
Type of bowlingTen Pin
84%
FBI listTen Most Wanted
78%
I wouldn't touch it with a ...Ten Foot Pole
77%
Express checkout lane restrictionTen Items or Less
77%
What God inflicted on the EgyptiansTen Plagues
72%
Volume of a Texas hatTen Gallons
71%
Interval for a boxer to get up off the matTen Count
67%
Prime minister's address10 Downing Street
65%
First down distanceTen Yards
65%
Bike with lots of gearsTen Speed
62%
Over and outTen-Four
61%
Letterman listTop Ten
54%
Ten toes over the nose of the surfboardHang Ten
52%
Rom-com with Julia Stiles
and Heath Ledger
Ten Things I Hate
About You
49%
College athletic conference with 14 teamsBig Ten
47%
Rom-com with Kate Hudson and
Matthew McConaughey
How to Lose a Guy
in 10 Days
31%
What Bo Derek wasPerfect Ten
30%

Score Distribution

Percentile by Number Answered

Percent of People with Each Score

Your Score History

You have not taken this quiz since the last reset